00829nam a2200241Ia 450000100060000000300090000600800410001504000130005604000130006904100120008210000220009410000290011624500810014524500650022625000110029126000140030226000250031626000490034130000540039050000840044465000280052865000310055623670IT-RoPAU130308s9999 xx 000 0 und d aIT-RoPAU cIT-RoPAU aINGLESE aWithey Stephen B. gCodice Aut. SPICS: 6265 3aAn Ecological, Cultural and Scripting View of Television and Social Behavior bTelevision And Social Behavior: Beyond violence And Children a1a ed. aHILLSDALE bLawrence Erlbaum As. c1980 [1° Ed.:1980 - Ed.Ling.Originale:1980] a"8 p. (prefazione: no ; testo: 8 [pagine: 9-16])" aPunto di Vista Culturale Ecologico della Televisione e Il Comportamento Sociale aSAGGI SULLA TELEVISIONE eCodice materia Spics: 6961